| 000 | | | 03945nmc2a22002533x 450 |
| 001 | | | 7abf5353-3771-47f0-af49-6cd3e0c9cc73 |
| 005 | | | 20210809221051.0 |
| 100 | ## | $a | 20200922l19061907k l0rusy0189 ca |
| 101 | 0# | $a | rus |
| 102 | ## | $a | RU |
| 105 | ## | $a | a### |
| 122 | 2# | $a | d |
| 200 | 1# | $a | Иллюстрированные программы театра литературно-художественного общества |
| | $j | 1906-1907 гг. |
| | $h | Выпуски 1-20 |
| 215 | ## | $a | 111 л. |
| | $c | фото; ил. |
| | $d | 36,5х26 см |
| 251 | ## | $c | Дело |
| 300 | ## | $a | Деятельность Дирекции театров и театральный репертуар |
| 300 | ## | $a | Печатное |
| 371 | ## | $a | Документ не является опубликованным и широко распространяемым |
| 461 | #0 | $1 | 001db61d72f-43f2-409f-8a83-e0351aa81d78 |
| | $1 | 2001 |
| | $a | Молчанов Анатолий Евграфович (1856-1921), вице-президент Русского театрального общества, редактор журнала "Ежегодник императорских театров", председатель правления Русского общества пароходства и торговли |
| | $1 | 251 |
| | $c | Фонд |
| | $1 | 852 |
| | $j | 678 |
| 462 | #0 | $1 | 0019dad07dd-c609-4d13-9b36-4e45395a7de5 |
| | $1 | 2001 |
| | $a | 1791-1921 гг. |
| | $1 | 251 |
| | $c | Опись |
| | $1 | 852 |
| | $j | 1 |
| 801 | #0 | $a | RU |
| | $b | РГИА |
| | $c | 20200922 |
| | $g | RCR |
| 801 | #1 | $a | RU |
| | $b | ГлавНИВЦ |
| | $c | 20200922 |
| | $2 | rusmarc |
| 801 | #2 | $a | RU |
| | $b | ПБ им. Б.Н. Ельцина |
| | $c | 20210809 |
| | $g | RCR |
| | $2 | rusmarc |
| 850 | ## | $a | РГИА |
| 852 | ## | $a | РГИА |
| | $e | Федеральное казенное учреждение "Российский государственный исторический архив" (РГИА) |
| | $j | 1037 |
| 937 | ## | $h | РГИА |
| | $d | 12322182 |
| | $a | ASBIBLIO_SCAN |
| 035 | ## | $a | RusGRCC00024464 |
| 856 | ## | $u | http://readingroom.main.prlib.ru/item.aspx?id_node=n167121297&mode=full |